The impact of product liability /

Bibliographic Details
Main Author: McGuire, E. Patrick (Edward Patrick), 1932-
Format: Book
Language:English
Published: New York, N.Y. : Conference Board, [1988]
Series:Conference Board report ; no. 908.
Subjects:

MARC

Tag First Indicator Second Indicator Subfields
LEADER 00000cam a2200000 a 4500
001 in00000030079
005 20151007054856.0
008 880418s1988 nyu b 00010 eng d
020 |a 0823703525 
035 |a (OCoLC)17807933 
035 |9 AAB6495AM 
040 |a LLM  |c LLM  |d PSE  |d ISL  |d TXA  |d UtOrBLW 
043 |a n-us--- 
049 |a TXAM  |c 1 [A11531867], 2 [A11662600] 
050 4 |a KF1296.Z9  |b M33 1988 
100 1 |a McGuire, E. Patrick  |q (Edward Patrick),  |d 1932- 
245 1 4 |a The impact of product liability /  |c by E. Patrick McGuire. 
264 1 |a New York, N.Y. :  |b Conference Board,  |c [1988] 
264 4 |c ©1988 
300 |a xi, 35 pages ;  |c 28 cm. 
336 |a text  |b txt  |2 rdacontent 
337 |a unmediated  |b n  |2 rdamedia 
338 |a volume  |b nc  |2 rdacarrier 
490 1 |a Conference Board research report ;  |v no. 908 
504 |a Includes bibliographical references. 
650 0 |a Products liability  |z United States. 
650 0 |a Products liability  |z United States  |x Costs. 
650 0 |a Competition  |z United States. 
830 0 |a Conference Board report ;  |v no. 908. 
999 |a MARS 
999 f f |s 1d91f67f-e674-3cec-87af-c626af60d10f  |i e93384af-226b-3072-90b8-e12c21418249  |t 0 
952 f f |p ric  |a Texas A&M University  |b Rellis Campus  |c Joint Library Facility  |d Remote Storage  |t 0  |e KF1296.Z9 M33 1988  |h Library of Congress classification  |i unmediated -- volume  |m A14811531867 
998 f f |a KF1296.Z9 M33 1988  |t 0  |l Remote Storage